Städte mit den meisten Brücken in Europa - Statistiken

Allgemein
  • Dieses Quiz wurde 163 mal gespielt
  • Das Durchschnittsergebnis liegt bei 4 aus 7
Antwortstatistiken
Brückenanzahl Stadt % Korrekt
400 Venedig
95%
2.500 Hamburg
92%
1.281 Amsterdam
86%
960 Berlin
64%
53 Stockholm
47%
1.716 Wien
37%
192 Gent
6%
Keine übereinstimmenden Quizze gefunden
Verteilung der Resultate
Anzahl Personen mit jedem Resultat
Perzentil nach korrekt beantworteten Fragen
Ihre Resultats-Entwicklung
Sie haben dieses Quiz noch nicht gespielt